000 00677nam a2200193 a 4500
001 000034627
005 20200930073814.0
008 110312s1987 dr 000 0 spa d
040 _aDO-SdBNP
_bspa
_cBNPHU
082 _a347.069
_bO84a
100 1 _aOssorioy Gallardo, Ángel,
_g(Ángel Ossorio)
_d1873-1946
_960064
245 1 3 _aEl alma de la toga /
_cÁngel Ossorio y Gallardo.
260 _a[Buenos Aires] :
_b[s.n.],
_c[200-?].
300 _a185 p. ;
_c22 cm.
590 _aInventariado, 2019/VM
500 _aIncluye referencia bibliográficas y notas al pie de las páginas
650 4 _aAbogados
_xÉtica profesional
_zEspaña
_936003
650 4 _aAbogados
_zEspaña
_936004
999 _c34118
_d34118